01022 2200349 4500001002100000005001500021035002500036007000300061008004100064020002200105040001700127041000800144082001500152084001700167090002100184090002100205100002100226245009700247250005000344260004700394300003100441500003300472650002000505700002100525850001200546999002100558990002100579990001800600990001800618990001800636990001800654INLIS00000000001286920200304085658 a0010-091500000001382ta150915s2015 yoi gr ind d a978-602-1546-22-2 aYOPDYOGbind aind04223a297.01 a297.01 WID f aDEP 297.01 WID f aCB-D.11 2015-2990 aWidyastini,cHj.10aFilsafat Islam :babad tengah modern kontemporer /cWidyastini; penyunting, Wiwit Sofiantari aCetakan pertama (edisi revisi), Februari 201531aYogyakarta :bLintang Pustaka Utama,c2015 aviii, 184 halaman ;c21 cm aBibliografi: halaman 169-173 4aIslam, Filsafat0 aWiwit Sofiantari aYOPDYOG aCB-D.11/2015-299 aCB-D.11/2015-299 a46618-PD/A.15 a46619-PD/A.15 a55377-PD/A.17 a55378-PD/A.17